[Event "ISR-ch op"]
[Site "Acre"]
[Date "2024.01.24"]
[Round "4"]
[White "Pevzner, Maks"]
[Black "Shohat, Yotam"]
[Result "0-1"]
[WhiteElo "2072"]
[BlackElo "2328"]
[PlyCount "52"]
[EventDate "2024.01.21"]
[EventType "swiss"]
[EventRounds "9"]
[EventCountry "ISR"]
[SourceTitle "CB05_2024"]
[SourceDate "2024.01.31"]
[SourceVersion "1"]
[SourceVersionDate "2024.01.31"]
[SourceQuality "1"]

1. c4 Nf6 2. Nc3 g6 3. e4 d6 4. d4 Bg7 5. Be2 0-0 6. Bg5 c5 7. d5 e6 8. Nf3 exd5 9. exd5 Qb6 10. Qd2 Bf5 11. 0-0 Ne4 12. Nxe4 Bxe4 13. Bh6 Bxh6 14. Qxh6 Bxf3 15. Bxf3 Qxb2 16. Rab1 Qxa2 17. Qf4 Qa6 18. Bg4 f5 19. Rfe1 Nd7 20. Re7 Qa2 21. Rbe1 fxg4 22. Qg3 Ne5 23. h3 Rae8 24. R1xe5 dxe5 25. d6 Qxc4 26. Qxe5 Rxe7 0-1

[Event "Bohumin op-A 6th"]
[Site "Bohumin"]
[Date "2023.07.09"]
[Round "9"]
[White "Pevzner, Maks"]
[Black "Pelc, Adam"]
[Result "1/2-1/2"]
[WhiteElo "2139"]
[BlackElo "1902"]
[PlyCount "74"]
[EventDate "2023.07.01"]
[EventType "swiss"]
[EventRounds "9"]
[EventCountry "CZE"]
[SourceTitle "CBM 215 Extra"]
[Source "ChessBase"]
[SourceDate "2023.09.30"]
[SourceVersion "1"]
[SourceVersionDate "2023.09.30"]
[SourceQuality "1"]

1. c4 Nf6 2. Nc3 c5 3. Nf3 Nc6 4. d4 cxd4 5. Nxd4 g6 6. e4 Nxd4 7. Qxd4 d6 8. Be3 Bg7 9. f3 0-0 10. Qd2 Be6 11. Be2 Rc8 12. Nd5 Bxd5 13. cxd5 Nd7 14. 0-0 Nb6 15. Rac1 Qd7 16. b3 e6 17. dxe6 Qxe6 18. Bf2 d5 19. exd5 Qxd5 20. Qb4 Rfe8 21. Rxc8 Rxc8 22. Rd1 Qe6 23. Bf1 h6 24. Qa5 Ra8 25. Bd3 Rd8 26. Re1 Qd6 27. Be4 Bd4 28. Qd2 Bxf2+ 29. Qxf2 Rd7 30. Qg3 Qxg3 31. hxg3 f5 32. Bb1 Kf7 33. Kf2 Rd4 34. Ke3 Rd7 35. Bd3 Re7+ 36. Kf2 Rxe1 37. Kxe1 Ke6 1/2-1/2

[Event "Bohumin op-A 6th"]
[Site "Bohumin"]
[Date "2023.07.04"]
[Round "4"]
[White "Tomaszewski, Kacper"]
[Black "Pevzner, Maks"]
[Result "1-0"]
[WhiteElo "2353"]
[BlackElo "2139"]
[PlyCount "143"]
[EventDate "2023.07.01"]
[EventType "swiss"]
[EventRounds "9"]
[EventCountry "CZE"]
[SourceTitle "CBM 215 Extra"]
[Source "ChessBase"]
[SourceDate "2023.09.30"]
[SourceVersion "1"]
[SourceVersionDate "2023.09.30"]
[SourceQuality "1"]

1. Nf3 Nf6 2. d4 g6 3. Nbd2 d5 4. c4 c6 5. e3 Bg7 6. Be2 0-0 7. 0-0 Nbd7 8. b4 dxc4 9. Nxc4 Nd5 10. Bd2 N7f6 11. Rc1 Ne4 12. Be1 f6 13. a4 Be6 14. Bd3 Nd6 15. Bd2 Nb6 16. Nb2 Rc8 17. e4 Nd7 18. Re1 Bg4 19. h3 Bxf3 20. Qxf3 e5 21. Qg3 Qe7 22. Nc4 Nxc4 23. Bxc4+ Kh8 24. dxe5 Nxe5 25. Bf1 Rcd8 26. Bc3 g5 27. Qe3 Ng6 28. Bd4 b6 29. Bb2 Rd6 30. a5 Qb7 31. axb6 Qxb6 32. Ba3 Rc8 33. b5 Qxe3 34. Rxe3 Re6 35. Bc4 Re5 36. Bd5 Ne7 37. Bxe7 Rxe7 38. bxc6 g4 39. Rb1 Bh6 40. Rg3 gxh3 41. Rxh3 Bf4 42. Ra3 Bd6 43. Ra6 Kg7 44. g3 Bc5 45. Rb7 Kf8 46. Kg2 Bb6 47. Ra1 Bc5 48. Rc1 Bd6 49. Rd7 Rxd7 50. cxd7 Rd8 51. Be6 a5 52. Rc4 Ke7 53. Bf5 Bb4 54. f4 Kd6 55. Kf3 h5 56. Kg2 Bc5 57. Kh3 Kc6 58. Kh4 Kb5 59. Rc2 a4 60. Kxh5 a3 61. Kg6 Bd4 62. Be6 Bb6 63. Kf7 Kb4 64. Ke7 Ra8 65. Rc8 Ra7 66. Ke8 Ba5 67. Ba2 Ra6 68. Rc4+ Kb5 69. Rd4 Rc6 70. Rd5+ Rc5 71. Rxc5+ Kxc5 72. e5 1-0

[Event "Bohumin op-A 6th"]
[Site "Bohumin"]
[Date "2023.07.03"]
[Round "3"]
[White "Ljepic, Andrej"]
[Black "Pevzner, Maks"]
[Result "1-0"]
[WhiteElo "2214"]
[BlackElo "2139"]
[PlyCount "105"]
[EventDate "2023.07.01"]
[EventType "swiss"]
[EventRounds "9"]
[EventCountry "CZE"]
[SourceTitle "CBM 215 Extra"]
[Source "ChessBase"]
[SourceDate "2023.09.30"]
[SourceVersion "1"]
[SourceVersionDate "2023.09.30"]
[SourceQuality "1"]

1. d4 Nf6 2. Nf3 g6 3. g3 Bg7 4. Bg2 0-0 5. 0-0 d6 6. a4 c6 7. Re1 Qc7 8. e4 e5 9. Nc3 a6 10. a5 Nbd7 11. h3 Re8 12. dxe5 dxe5 13. Be3 b5 14. axb6 Nxb6 15. Qe2 a5 16. Nd2 Ba6 17. Qf3 Bb5 18. Bf1 Bxf1 19. Rxf1 Nfd7 20. Qe2 Nf8 21. Na4 Nxa4 22. Rxa4 Ne6 23. Nb3 Nd4 24. Nxd4 exd4 25. Bxd4 Bxd4 26. Rxd4 Qb6 27. c3 Re5 28. Rfd1 Rb5 29. R1d2 Rb8 30. e5 Re8 31. Re4 Re6 32. Kh2 Rb3 33. f4 Qb5 34. g4 Qxe2+ 35. Rexe2 Rb5 36. c4 Rc5 37. Re4 g5 38. Kg3 f6 39. fxg5 fxg5 40. Rde2 Kf7 41. b3 Ke7 42. Kf2 Kd7 43. R2e3 Re8 44. e6+ Ke7 45. Ke2 Rb8 46. Rd3 Re8 47. Rd7+ Kf6 48. Rf7+ Kg6 49. Rf3 Re7 50. Kd3 a4 51. b4 a3 52. bxc5 Rb7 53. e7 1-0

[Event "Bohumin op-A 6th"]
[Site "Bohumin"]
[Date "2023.07.02"]
[Round "2"]
[White "Pevzner, Maks"]
[Black "Godzwon, Iwo"]
[Result "1/2-1/2"]
[WhiteElo "2139"]
[BlackElo "2395"]
[PlyCount "40"]
[EventDate "2023.07.01"]
[EventType "swiss"]
[EventRounds "9"]
[EventCountry "CZE"]
[SourceTitle "CBM 215 Extra"]
[Source "ChessBase"]
[SourceDate "2023.09.30"]
[SourceVersion "1"]
[SourceVersionDate "2023.09.30"]
[SourceQuality "1"]

1. c4 e5 2. Nc3 Nf6 3. Nf3 Nc6 4. e4 Bb4 5. d3 d6 6. a3 Bxc3+ 7. bxc3 Nd7 8. g3 Nc5 9. Bg2 f5 10. Nh4 Qf6 11. 0-0 fxe4 12. f4 Nxd3 13. Bxe4 Nxc1 14. Rxc1 Bd7 15. Rb1 0-0-0 16. Qb3 b6 17. Qa4 Na5 18. Qxa5 bxa5 19. Bb7+ Kb8 20. Bc6+ Kc8 1/2-1/2

[Event "Ecka Rain Band 1st"]
[Site "Ecka"]
[Date "2023.06.20"]
[Round "8.3"]
[White "Mushini, Ajay"]
[Black "Pevzner, Maks"]
[Result "0-1"]
[WhiteElo "2310"]
[BlackElo "2040"]
[PlyCount "72"]
[EventDate "2023.06.13"]
[EventType "schev"]
[EventRounds "9"]
[EventCountry "SRB"]
[SourceTitle "CBM 214 Extra"]
[Source "ChessBase"]
[SourceDate "2023.07.31"]
[SourceVersion "1"]
[SourceVersionDate "2023.07.31"]
[SourceQuality "1"]
[WhiteTeam "Team A"]
[BlackTeam "Team C"]
[WhiteTeamCountry "SRB"]
[BlackTeamCountry "SRB"]

1. e4 c5 2. Nf3 d6 3. d4 cxd4 4. Nxd4 Nf6 5. Nc3 g6 6. Be3 Bg7 7. f3 Nc6 8. Qd2 0-0 9. 0-0-0 d5 10. Qe1 e5 11. Nxc6 bxc6 12. exd5 Nxd5 13. Bc4 Be6 14. Ne4 Qc7 15. Bc5 Rfd8 16. h4 h6 17. g4 Nf4 18. Bxe6 Nxe6 19. Bd6 Qb6 20. g5 Nd4 21. gxh6 Bxh6+ 22. Kb1 Rxd6 23. Nxd6 Rb8 24. Qc3 Bf8 25. Ne4 Nb5 26. Qb3 Qa5 27. Ka1 Rb6 28. Rd7 Nd6 29. Qe3 Rxb2 30. a3 Nc4 31. Nf6+ Kg7 32. Ne8+ Kh8 33. h5 g5 34. Qxa7 Qc3 35. Rd3 Ra2+ 36. Kxa2 Qb2# 0-1

[Event "Ecka Rain Band 1st"]
[Site "Ecka"]
[Date "2023.06.15"]
[Round "3.3"]
[White "Pevzner, Maks"]
[Black "Atalik, Suat"]
[Result "1/2-1/2"]
[WhiteElo "2040"]
[BlackElo "2442"]
[PlyCount "289"]
[EventDate "2023.06.13"]
[EventType "schev"]
[EventRounds "9"]
[EventCountry "SRB"]
[SourceTitle "CBM 214 Extra"]
[Source "ChessBase"]
[SourceDate "2023.07.31"]
[SourceVersion "1"]
[SourceVersionDate "2023.07.31"]
[SourceQuality "1"]
[WhiteTeam "Team C"]
[BlackTeam "Team B"]
[WhiteTeamCountry "SRB"]
[BlackTeamCountry "SRB"]

1. c4 e5 2. Nc3 Bb4 3. Nd5 Bc5 4. e3 Nf6 5. Nxf6+ Qxf6 6. Ne2 d6 7. Nc3 0-0 8. Nd5 Qd8 9. d4 exd4 10. exd4 Bb6 11. Nxb6 axb6 12. Bd3 Qf6 13. 0-0 Bf5 14. Qf3 Bxd3 15. Qxd3 Nc6 16. Be3 d5 17. cxd5 Ne7 18. Qe4 Qd6 19. Bf4 Qd7 20. d6 cxd6 21. d5 Ra4 22. b4 Ng6 23. Be3 b5 24. a3 Re8 25. Qd4 Ne5 26. h3 Nc4 27. Rfe1 Rxa3 28. Rxa3 Nxa3 29. Re2 f6 30. Ra2 Nc4 31. Ra7 h5 32. Qd3 Qf7 33. Qf5 h4 34. Bd4 Qe7 35. Bc3 Nb6 36. Qh5 Rc8 37. Bd4 Nc4 38. Qg4 Re8 39. Bc3 Qf7 40. Qf5 Nb6 41. Bd2 Nxd5 42. Qd3 Qe6 43. Rxb7 Ra8 44. Rxb5 Ne7 45. Rh5 Ra1+ 46. Kh2 Rd1 47. Rxh4 Qe5+ 48. f4 Qd5 49. Qh7+ Kf8 50. Bc3 Rc1 51. Rg4 Qg8 52. Qxg8+ Nxg8 53. Rg3 Rb1 54. Rd3 Rb3 55. Re3 Ne7 56. Bd2 Rb1 57. Rd3 d5 58. Be3 Rxb4 59. Bc5 Rb5 60. Rxd5 Kf7 61. Rh5 Ng6 62. f5 Nf4 63. Rh4 Nd3 64. Be3 Rxf5 65. Rd4 Ne5 66. Bf4 Ng6 67. Bg3 Rf1 68. Rd7+ Kg8 69. Rb7 Nf8 70. Re7 g5 71. Ra7 Ne6 72. Ra4 f5 73. Be5 Re1 74. Ra5 Re2 75. Kg3 Kf7 76. Kf3 Rd2 77. g3 Rd3+ 78. Kg2 f4 79. gxf4 gxf4 80. Bb8 Kf6 81. h4 Rg3+ 82. Kf2 Rh3 83. h5 Ng5 84. Be5+ Kf5 85. Bb8+ Kg4 86. Ra4 Rf3+ 87. Ke2 Re3+ 88. Kd1 Ne4 89. Bxf4 Kxf4 90. h6 Rh3 91. Ra6 Rh2 92. Rc6 Ke3 93. Rc8 Rxh6 94. Kc2 Rb6 95. Re8 Kd4 96. Rd8+ Kc4 97. Rc8+ Nc5 98. Kd2 Re6 99. Rc7 Kd4 100. Rc8 Ne4+ 101. Kc2 Ke3 102. Rc7 Kd4 103. Rc8 Nd6 104. Rd8 Rh6 105. Rd7 Rg6 106. Rd8 Rg2+ 107. Kb3 Kc5 108. Kc3 Ne4+ 109. Kb3 Rg3+ 110. Kc2 Rc3+ 111. Kd1 Re3 112. Rc8+ Kd4 113. Rd8+ Kc4 114. Rc8+ Nc5 115. Kd2 Re6 116. Rc7 Kd4 117. Rc8 Nb3+ 118. Kc2 Na5 119. Rd8+ Ke4 120. Kc3 Rc6+ 121. Kb4 Nc4 122. Re8+ Kd4 123. Rd8+ Nd6 124. Kb3 Kd3 125. Kb4 Kc2 126. Rd7 Kb2 127. Rh7 Rc4+ 128. Ka5 Rg4 129. Rh3 Ne4 130. Kb5 Nc3+ 131. Kc5 Kb3 132. Rh8 Rg5+ 133. Kd6 Kc4 134. Rh4+ Kd3 135. Ke6 Ne4 136. Rh1 Nc5+ 137. Kf6 Rg3 138. Rd1+ Ke4 139. Re1+ Kd4 140. Ra1 Nd3 141. Rh1 Rf3+ 142. Kg5 Nc5 143. Kg4 Rf8 144. Rd1+ Ke5 145. Re1+ 1/2-1/2

[Event "ISR-ch U08/18"]
[Site "Savyon"]
[Date "2022.04.13"]
[Round "8"]
[White "Pevzner, Maks"]
[Black "Linik, Daniel"]
[Result "1-0"]
[WhiteElo "1858"]
[BlackElo "1311"]
[PlyCount "77"]
[EventDate "2022.04.06"]
[EventType "swiss"]
[EventRounds "9"]
[EventCountry "ISR"]
[SourceTitle "EXT 2023"]
[Source "ChessBase"]
[SourceDate "2022.10.05"]
[SourceVersion "1"]
[SourceVersionDate "2022.10.05"]
[SourceQuality "1"]

1. d4 d5 2. Bf4 Nc6 3. e3 e6 4. Nf3 Nf6 5. Nbd2 Bd6 6. Ne5 Ne7 7. Bd3 Ng6 8. Bg3 c6 9. 0-0 Bxe5 10. dxe5 Nd7 11. Qh5 Qc7 12. Bxg6 fxg6 13. Qg4 Nxe5 14. Qd4 0-0 15. Bxe5 Qe7 16. Nf3 b6 17. Qh4 Qxh4 18. Nxh4 Ba6 19. Rfe1 g5 20. Nf3 g4 21. Nd4 Rac8 22. a4 Bb7 23. a5 b5 24. a6 Ba8 25. Bd6 Rf7 26. b4 Rd8 27. Bc5 e5 28. Nb3 h5 29. Rad1 h4 30. Rf1 Rdd7 31. h3 gxh3 32. gxh3 Rf3 33. Nd2 Rf5 34. f4 d4 35. Ne4 exf4 36. exf4 Rfd5 37. Rf2 Kh7 38. Rfd2 Rf7 39. Ng5+ 1-0

[Event "ISR-ch U08/18"]
[Site "Savyon"]
[Date "2022.04.12"]
[Round "6"]
[White "Levin, Guy"]
[Black "Pevzner, Maks"]
[Result "1-0"]
[WhiteElo "2340"]
[BlackElo "1858"]
[PlyCount "93"]
[EventDate "2022.04.06"]
[EventType "swiss"]
[EventRounds "9"]
[EventCountry "ISR"]
[SourceTitle "EXT 2023"]
[Source "ChessBase"]
[SourceDate "2022.10.05"]
[SourceVersion "1"]
[SourceVersionDate "2022.10.05"]
[SourceQuality "1"]

1. Nf3 Nf6 2. c4 g6 3. b4 Bg7 4. Bb2 c5 5. bxc5 Qa5 6. Qb3 Na6 7. Bc3 Qxc5 8. d4 Qc7 9. Nbd2 d5 10. cxd5 Nxd5 11. Bb2 Ndb4 12. Rc1 Be6 13. d5 Qxc1+ 14. Bxc1 Rc8 15. Nc4 Bxd5 16. e4 Bxe4 17. Nd6+ exd6 18. Bb5+ Nc6 19. Ng5 0-0 20. Qh3 h5 21. Nxe4 Nd4 22. 0-0 Nxb5 23. Bg5 Nc5 24. Nf6+ Kh8 25. g4 Ne6 26. f4 Nxg5 27. fxg5 Bxf6 28. gxf6 Rc5 29. Qe3 Kh7 30. gxh5 Rxh5 31. Qe7 Kg8 32. Rc1 Rg5+ 33. Kh1 Rb8 34. a4 Re5 35. Qd7 Nd4 36. Qxd6 Nc6 37. Rxc6 Re1+ 38. Kg2 Rbe8 39. Rc2 R1e6 40. Qd7 Kf8 41. Qxb7 a6 42. Qb4+ Kg8 43. Qh4 Rd8 44. Qg5 Kh7 45. Rc4 Rb8 46. Rh4+ Kg8 47. Rh8+ 1-0

[Event "ISR-ch U08/18"]
[Site "Savyon"]
[Date "2022.04.10"]
[Round "4"]
[White "Pevzner, Maks"]
[Black "Pelech, Roee"]
[Result "0-1"]
[WhiteElo "1858"]
[BlackElo "1869"]
[PlyCount "84"]
[EventDate "2022.04.06"]
[EventType "swiss"]
[EventRounds "9"]
[EventCountry "ISR"]
[SourceTitle "EXT 2023"]
[Source "ChessBase"]
[SourceDate "2022.10.05"]
[SourceVersion "1"]
[SourceVersionDate "2022.10.05"]
[SourceQuality "1"]

1. d4 d5 2. Bf4 Nf6 3. e3 e6 4. Nf3 Bd6 5. Bg3 0-0 6. Nbd2 b6 7. Bd3 Bb7 8. Ne5 Nbd7 9. Qf3 Qe7 10. c3 c5 11. a4 a6 12. 0-0 Ne8 13. Qh5 f5 14. Ndf3 Ndf6 15. Qh3 Bxe5 16. dxe5 Ne4 17. Bxe4 dxe4 18. Bh4 Qf7 19. Nd2 h6 20. Nc4 Qc7 21. Rfd1 Bd5 22. Nd6 Nxd6 23. exd6 Qd7 24. Be7 Rf7 25. Ra3 Bc6 26. a5 Rxe7 27. axb6 Ree8 28. c4 a5 29. Qg3 e5 30. Qg6 a4 31. Rb1 Rab8 32. g4 Rxb6 33. gxf5 Qf7 34. Qg4 Bd7 35. Rd1 Bxf5 36. Qh4 Qg6+ 37. Kf1 Rxd6 38. Rda1 Bd7 39. Rc3 Rd3 40. Rc2 Qg4 41. Qxg4 Bxg4 42. Rxa4 Bd1 0-1

[Event "EU School-ch U09"]
[Site "Kallithea"]
[Date "2016.06.24"]
[Round "8"]
[White "Ozkan, Taha"]
[Black "Pevzner, Maks"]
[Result "1-0"]
[WhiteElo "1523"]
[BlackElo "1511"]
[PlyCount "75"]
[EventDate "2016.06.17"]
[EventType "swiss"]
[EventRounds "9"]
[EventCountry "GRE"]
[SourceTitle "EXT 2017"]
[Source "ChessBase"]
[SourceDate "2016.10.25"]
[SourceVersion "1"]
[SourceVersionDate "2016.10.25"]
[SourceQuality "1"]

1. d4 Nf6 2. c4 g6 3. Nc3 Bg7 4. e4 d6 5. f3 0-0 6. Be3 Nc6 7. Qd2 e5 8. d5 Nd4 9. Nge2 Nxe2 10. Bxe2 Ne8 11. h4 h5 12. 0-0-0 Bd7 13. Rdg1 a6 14. g4 Nf6 15. Bg5 Kh7 16. gxh5 gxh5 17. f4 b5 18. c5 b4 19. Nd1 a5 20. c6 Bc8 21. fxe5 dxe5 22. Bxh5 Qd6 23. Bf3 a4 24. Be3 a3 25. b3 Re8 26. Nf2 Ra5 27. Nd3 Rb5 28. Kb1 Ba6 29. Rc1 Rxd5 30. exd5 e4 31. Nc5 exf3 32. Nxa6 Qe5 33. Bd4 Ne4 34. Bxe5 Nxd2+ 35. Kc2 Bxe5 36. Kxd2 Bf4+ 37. Kd3 Bxc1 38. Rxc1 1-0

[Event "EU School-ch U09"]
[Site "Kallithea"]
[Date "2016.06.18"]
[Round "2"]
[White "Ozkeskin, Nazim Efe"]
[Black "Pevzner, Maks"]
[Result "1-0"]
[WhiteElo "1368"]
[BlackElo "1511"]
[PlyCount "73"]
[EventDate "2016.06.17"]
[EventType "swiss"]
[EventRounds "9"]
[EventCountry "GRE"]
[SourceTitle "EXT 2017"]
[Source "ChessBase"]
[SourceDate "2016.10.25"]
[SourceVersion "1"]
[SourceVersionDate "2016.10.25"]
[SourceQuality "1"]

1. e4 c5 2. Nf3 d6 3. d4 cxd4 4. Nxd4 g6 5. Be3 Bg7 6. Qd2 Nf6 7. f3 0-0 8. Nc3 Nc6 9. g4 Bd7 10. 0-0-0 a6 11. h4 Nxd4 12. Bxd4 b5 13. h5 b4 14. Nd5 Nxd5 15. Bxg7 Kxg7 16. Qxd5 a5 17. hxg6 hxg6 18. Qg5 Rh8 19. Rxh8 Kxh8 20. Qh6+ Kg8 21. Bc4 Qf8 22. Qxg6+ Qg7 23. Qxg7+ Kxg7 24. e5 Rc8 25. Ba6 Rc6 26. Bb5 Rc7 27. Bxd7 Rxd7 28. exd6 Rxd6 29. Rxd6 exd6 30. Kd2 Kf6 31. f4 Ke6 32. Kd3 d5 33. Kd4 Kd6 34. b3 Ke6 35. Kc5 f6 36. Kc6 f5 37. g5 1-0

[Event "EU School-ch U09"]
[Site "Kallithea"]
[Date "2016.06.17"]
[Round "1"]
[White "Pevzner, Maks"]
[Black "Fotiadis, Alexandros"]
[Result "1-0"]
[WhiteElo "1511"]
[BlackElo "1107"]
[PlyCount "121"]
[EventDate "2016.06.17"]
[EventType "swiss"]
[EventRounds "9"]
[EventCountry "GRE"]
[SourceTitle "EXT 2017"]
[Source "ChessBase"]
[SourceDate "2016.10.25"]
[SourceVersion "1"]
[SourceVersionDate "2016.10.25"]
[SourceQuality "1"]

1. d4 e6 2. c4 b6 3. Nc3 Bb7 4. e4 Bb4 5. f3 Ne7 6. Be3 f5 7. Bd3 fxe4 8. fxe4 0-0 9. Nf3 Bxc3+ 10. bxc3 Ng6 11. 0-0 Nf4 12. Bc2 Ba6 13. Ne5 d6 14. Bxf4 dxe5 15. Bxe5 Rxf1+ 16. Qxf1 Nd7 17. Bg3 c5 18. Bd3 Rc8 19. d5 e5 20. Qe2 Qe7 21. Rf1 Rf8 22. Qh5 Rxf1+ 23. Bxf1 Qf7 24. Qg5 Qe8 25. Be2 h6 26. Qf5 Qf7 27. Bg4 Qxf5 28. Bxf5 Nf8 29. Bxe5 g6 30. Bh3 Bxc4 31. d6 Be6 32. Bxe6+ Nxe6 33. c4 Kf7 34. Bc3 Ke8 35. e5 a6 36. a4 Nf4 37. Kf2 Nd3+ 38. Ke3 Nb4 39. Bxb4 cxb4 40. e6 a5 41. d7+ Ke7 42. g3 g5 43. g4 Kd8 44. Kd4 Ke7 45. Kd5 b3 46. Kc6 b2 47. Kc7 b1Q 48. d8Q+ Kxe6 49. Qd6+ Kf7 50. Qd7+ Kf6 51. Qf5+ Qxf5 52. gxf5 Kxf5 53. Kxb6 Ke6 54. c5 h5 55. c6 g4 56. c7 Kf5 57. c8Q+ Kf4 58. Qc7+ Kg5 59. Kxa5 Kh4 60. Qe5 Kh3 61. Qg3# 1-0